000
00412nam a2200133Ia 4500
008
151001s9999||||xx |||||||||||||| ||und||
100
_a
महावीरप्रसाद द्विवेदी
245
_a
विचित्र जिव जंतू और वनस्पतीया
250
_a
1
260
_b
संभावना
260
_c
2003
300
_a
197
365
_b
21
999
_c
980930
_d
980927